000 00230nam a2200097Ia 4500
008 190216s9999||||xx |||||||||||||| ||und||
100 _aPattan Shetty&Amp; Palekar Br
245 0 _aCost Accounting
260 _bNull
_c1987
942 _cBK
999 _c5291
_d5291